Les abeille d'Aristée (Record no. 134664)

MARC details
000 -LEADER
campo de control de longitud fija 00575nam a2200193 i 4500
001 - NÚMERO DE CONTROL
campo de control 134664
003 - IDENTIFICADOR DE NÚMERO DE CONTROL
campo de control ES-MaACL
005 - FECHA Y HORA DE LA ÚLTIMA TRANSACCIÓN
campo de control 20230906194723.0
007 - CAMPO FIJO DE DESCRIPCIÓN FÍSICA--INFORMACIÓN GENERAL
campo de control de longitud fija t|
008 - DATOS DE LONGITUD FIJA--INFORMACIÓN GENERAL
campo de control de longitud fija 070912s1936 fr ||||1| fre d
100 1# - ENTRADA PRINCIPAL--NOMBRE DE PERSONA
Nombre de persona Veïdle, Vladimir Vasil'evich.
9 (RLIN) 113657
245 14 - MENCIÓN DEL TÍTULO
Título Les abeille d'Aristée
Resto del título : essay sur le destin actuel des lettres et des arts /
Mención de responsabilidad, etc. Wladimir Weidlé.
260 ## - PUBLICACIÓN, DISTRIBUCIÓN, ETC.
Lugar de publicación, distribución, etc. Paris :
Nombre del editor, distribuidor, etc. Desclée de Brouver,
Fecha de publicación, distribución, etc. [1936]
300 ## - DESCRIPCIÓN FÍSICA
Extensión 284 p. ;
Dimensiones 21 cm.
490 1# - MENCIÓN DE SERIE
Mención de serie Les cles
830 0# - PUNTO DE ACCESO ADICIONAL DE SERIE-TÍTULO UNIFORME
Título uniforme Les cles
9 (RLIN) 219868
852 ## - LOCALIZACIÓN
Ubicación ES-MaACL
Número de control de estantería A-4648
Holdings
Estatus retirado Estado de pérdida Estado de daño No para préstamo Biblioteca de origen Biblioteca actual Ubicación en estantería Fecha de adquisición Fuente de adquisición Total de préstamos Signatura topográfica completa Código de barras Visto por última vez Precio de reemplazo Tipo de ítem Koha
        Biblioteca del Ateneo de Madrid Biblioteca del Ateneo de Madrid Sala Pecera Planta 1 17/01/2008     A-4648 1140168 23/02/2023 23/02/2023 Libro impreso